[Event "European Blitz 2015"]
[Site "Minsk BLR"]
[Date "2015.12.18"]
[Round "8.17"]
[White "Ragger, Markus"]
[Black "Karpov, Vadim"]
[Result "1-0"]
[WhiteTitle "GM"]
[BlackTitle "IM"]
[WhiteElo "2687"]
[BlackElo "2377"]
[WhiteFideId "1610856"]
[BlackFideId "4155025"]
[EventDate "2015.12.18"]
[EventType "swiss (blitz)"]

1. d4 Nf6 2. c4 e6 3. Nf3 d5 4. g3 Be7 5. Bg2 O-O 6. O-O dxc4 7. Qc2 a6 8. a4 b6
9. Ne5 Ra7 10. Rd1 Bb7 11. Qxc4 Bxg2 12. Kxg2 c5 13. Bg5 b5 14. Qd3 c4 15. Qf3
h6 16. Bxf6 Bxf6 17. Nc3 Bxe5 18. dxe5 Qb6 19. axb5 axb5 20. Rxa7 Qxa7 21. Nxb5
Qc5 22. Na3 Nc6 23. Qc3 Nxe5 24. f4 Qc6+ 25. Kg1 Qc5+ 26. Qd4 Qxd4+ 27. Rxd4 Ng4
28. h3 Ne3 29. Kf2 Nf5 30. Rxc4 Rb8 31. g4 Nd6 32. Rd4 Rb6 33. b4 f5 34. Kf3 Kf7
35. Nc2 Ke7 36. Ne3 Nb5 37. Rc4 Nd6 38. Rc7+ Kf8 39. gxf5 Nxf5 40. Nxf5 exf5 41.
Rc4 Ke7 42. e4 fxe4+ 43. Rxe4+ Kf6 44. h4 g5 45. fxg5+ hxg5 46. h5 Kf5 47. Rc4
g4+ 48. Rxg4 Rh6 49. Rc4 Rf6 50. Rc5+ Ke6+ 51. Kg4 Rf1 52. b5 Rb1 53. h6 Kf6 54.
Rc6+ Kf7 55. b6 Kg8 56. Kg5 Kh7 57. Rc7+ Kh8 58. b7 1-0

[Event "European Blitz 2015"]
[Site "Minsk BLR"]
[Date "2015.12.18"]
[Round "8.18"]
[White "Pavlov, Sergey2"]
[Black "Chigaev, Maksim"]
[Result "0-1"]
[WhiteTitle "IM"]
[BlackTitle "IM"]
[WhiteElo "2454"]
[BlackElo "2526"]
[WhiteFideId "14114330"]
[BlackFideId "4108116"]
[EventDate "2015.12.18"]
[EventType "swiss (blitz)"]

1. c4 g6 2. d4 Bg7 3. Nf3 d6 4. g3 Nf6 5. Bg2 O-O 6. O-O Nbd7 7. Nc3 c6 8. e4 e5
9. Be3 Re8 10. h3 exd4 11. Nxd4 Nc5 12. Qc2 a5 13. Nb3 Nfd7 14. Rad1 Qe7 15.
Rfe1 Nxb3 16. axb3 Nc5 17. Na4 Ne6 18. Qd2 b5 19. cxb5 cxb5 20. e5 dxe5 21. Bxa8
bxa4 22. bxa4 h5 23. Bc6 Rf8 24. Qxa5 h4 25. g4 Ng5 26. Bg2 Qf6 27. f4 exf4 28.
Bd4 Qxd4+ 29. Rxd4 Bxd4+ 30. Kh1 Bf6 31. Rf1 f3 32. Rxf3 Nxf3 33. Bxf3 Bxb2 34.
Qb5 Bf6 35. a5 Kg7 36. a6 Bd4 37. Qc4 Bf2 38. Qc6 Be6 39. Qb7 Bc8 40. Qb5 Be6
41. Qb7 Bd4 42. a7 Bxa7 43. Qxa7 Rc8 44. Qd4+ Kg8 45. Qf4 Rd8 46. Kg2 Kg7 47. g5
Rc8 48. Qxh4 Rc2+ 49. Kg3 Rc3 50. Qd4+ 0-1

[Event "European Blitz 2015"]
[Site "Minsk BLR"]
[Date "2015.12.18"]
[Round "8.19"]
[White "Kuzin, Anton"]
[Black "Rakhmanov, Aleksandr"]
[Result "1/2-1/2"]
[WhiteTitle "IM"]
[BlackTitle "GM"]
[WhiteElo "2409"]
[BlackElo "2640"]
[WhiteFideId "4148410"]
[BlackFideId "4173708"]
[EventDate "2015.12.18"]
[EventType "swiss (blitz)"]

1. d4 Nf6 2. Nf3 d6 3. Nc3 Bf5 4. g3 Ne4 5. Bg2 Nxc3 6. bxc3 Be4 7. O-O e6 8.
Rb1 Be7 9. Nd2 Bxg2 10. Kxg2 Nd7 11. e4 O-O 12. f4 b6 13. Qf3 c5 14. f5 exf5 15.
exf5 Rc8 16. d5 Re8 17. Nc4 Bf6 18. Bf4 Be5 19. Rbe1 Qf6 20. Bxe5 Nxe5 21. Nxe5
Rxe5 22. Rxe5 Qxe5 23. f6 Re8 24. fxg7 Qe2+ 25. Qxe2 Rxe2+ 26. Rf2 Re5 27. c4
Kxg7 28. Rf3 Re2+ 29. Rf2 Re4 30. Rf4 Re2+ 31. Rf2 Re1 32. Rf3 Rc1 33. Rc3 Kf6
34. Kf3 Ke5 35. Ra3 a5 36. c3 Rc2 37. h4 f5 38. g4 fxg4+ 39. Kxg4 Rf2 40. Kg5
Rf4 41. h5 Rxc4 42. Rb3 Kxd5 43. Rxb6 Rxc3 44. Rb7 Rg3+ 45. Kh6 Ra3 46. Kxh7
Rxa2 47. h6 Rg2 48. Rg7 Rh2 49. Rg5+ Kc4 50. Kg6 Rxh6+ 51. Kxh6 d5 52. Rg1 d4
53. Rc1+ Kd5 54. Kg5 d3 55. Kg4 Kd4 56. Kf3 c4 57. Ra1 c3 58. Ra4+ Kc5 59. Ke3
d2 60. Ke2 Kb5 61. Ra1 a4 62. Kd3 Kb4 63. Kc2 a3 64. Rb1+ Kc4 65. Rg1 Kd4 66.
Rg4+ Ke3 67. Ra4 Ke2 68. Re4+ Kf3 69. Rc4 a2 70. Ra4 Ke2 71. Re4+ Kf3 72. Ra4
Ke2 73. Re4+ Kf3 74. Ra4 Ke2 75. Re4+ 1/2-1/2

[Event "European Blitz 2015"]
[Site "Minsk BLR"]
[Date "2015.12.18"]
[Round "8.20"]
[White "Kazakovskiy, Valeriy"]
[Black "Zubritskiy, Artyom"]
[Result "0-1"]
[WhiteTitle "IM"]
[BlackTitle "FM"]
[WhiteElo "2342"]
[BlackElo "2422"]
[WhiteFideId "13507443"]
[BlackFideId "4181247"]
[EventDate "2015.12.18"]
[EventType "swiss (blitz)"]

1. d4 d5 2. c4 dxc4 3. Nf3 Nf6 4. e3 e6 5. Bxc4 c5 6. O-O Qc7 7. Be2 Bd6 8. Nbd2
Nc6 9. dxc5 Bxc5 10. a3 a6 11. b4 Ba7 12. Bb2 Qe7 13. Nc4 O-O 14. Qd6 Rd8 15.
Qxe7 Nxe7 16. Rfd1 Bd7 17. Nfe5 Ba4 18. Rxd8+ Rxd8 19. Bf3 Ned5 20. Na5 Rb8 21.
Rc1 h6 22. h3 Bb5 23. g3 Bb6 24. Nac4 Bc7 25. Kg2 Rd8 26. e4 Ne7 27. Ne3 Bb8 28.
g4 Ne8 29. Rd1 Rc8 30. Rc1 Rxc1 31. Bxc1 Bxe5 0-1

[Event "European Blitz 2015"]
[Site "Minsk BLR"]
[Date "2015.12.18"]
[Round "8.21"]
[White "Aleksandrov, Aleksej"]
[Black "Balashov, Yuri S"]
[Result "1-0"]
[WhiteTitle "GM"]
[BlackTitle "GM"]
[WhiteElo "2615"]
[BlackElo "2408"]
[WhiteFideId "13500139"]
[BlackFideId "4100263"]
[EventDate "2015.12.18"]
[EventType "swiss (blitz)"]

1. d4 Nf6 2. c4 e6 3. Nc3 Bb4 4. e3 O-O 5. Ne2 d5 6. a3 Be7 7. cxd5 exd5 8. g3
c6 9. Bg2 a5 10. O-O Na6 11. Qc2 Re8 12. Bd2 Bf8 13. Rad1 g6 14. f3 Bg7 15. Bc1
Bf5 16. e4 dxe4 17. fxe4 Bg4 18. h3 Bxe2 19. Qxe2 Nc7 20. Bg5 h6 21. Bxf6 Bxf6
22. Qf2 Bg7 23. Qxf7+ Kh7 24. e5 Re7 25. Qc4 Ne6 26. d5 cxd5 27. Nxd5 Rd7 28.
Nf6+ Bxf6 29. Rxd7+ Qxd7 30. Rxf6 Ng5 31. h4 Rc8 32. Qd5 1-0

[Event "European Blitz 2015"]
[Site "Minsk BLR"]
[Date "2015.12.18"]
[Round "8.22"]
[White "Bortnyk, Mykola"]
[Black "Maljush, Andrej"]
[Result "1/2-1/2"]
[WhiteTitle "IM"]
[WhiteElo "2416"]
[BlackElo "2285"]
[WhiteFideId "14120836"]
[BlackFideId "13500724"]
[EventDate "2015.12.18"]
[EventType "swiss (blitz)"]

1. e4 d6 2. d4 Nf6 3. Nc3 e5 4. Nf3 Nbd7 5. Bc4 Be7 6. O-O O-O 7. Re1 c6 8. a4
Qc7 9. a5 Rb8 10. Bb3 b5 11. axb6 axb6 12. Be3 b5 13. h3 Nb6 14. dxe5 dxe5 15.
Qe2 Nbd7 16. Ra7 Rb7 17. Rea1 Nc5 18. Rxb7 Bxb7 19. Bxc5 Bxc5 20. Rd1 h6 21. Nh4
Rd8 22. Nf5 Bc8 23. Ng3 Rd4 24. Qf3 Qd6 25. Ra1 Qb8 26. Nh5 Be7 27. Ne2 Rd8 28.
Neg3 Qd6 29. Kh2 g6 30. Nxf6+ Bxf6 31. c3 Kg7 32. Nf1 Qe7 33. Ne3 Bg5 34. Ra8
Bf4+ 35. g3 Bxe3 36. Qxe3 Be6 37. Rxd8 Qxd8 38. Bxe6 fxe6 39. Qc5 Qc7 40. b3 Kf7
41. Kg2 Kg7 42. h4 h5 43. b4 Kf7 44. f3 Kg7 45. g4 hxg4 46. fxg4 Kf7 47. g5 Qd7
48. Qf2+ Kg8 49. h5 Qd3 50. h6 Qxe4+ 51. Qf3 Qc2+ 52. Kg3 Qd2 53. Qf6 Qxc3+ 54.
Kf2 Qd4+ 55. Ke2 Qe4+ 56. Kf2 Qd4+ 57. Ke2 Qe4+ 58. Kf2 Qd4+ 59. Ke2 1/2-1/2

[Event "European Blitz 2015"]
[Site "Minsk BLR"]
[Date "2015.12.18"]
[Round "8.23"]
[White "Reprintsev, Alexander"]
[Black "Alekseev, Evgeny"]
[Result "0-1"]
[WhiteTitle "IM"]
[BlackTitle "GM"]
[WhiteElo "2321"]
[BlackElo "2642"]
[WhiteFideId "14100541"]
[BlackFideId "4138147"]
[EventDate "2015.12.18"]
[EventType "swiss (blitz)"]

1. Nc3 c5 2. Nf3 Nc6 3. d4 cxd4 4. Nxd4 Nf6 5. Bg5 d6 6. Bxf6 gxf6 7. g3 e6 8.
Bg2 Bd7 9. O-O a6 10. e3 f5 11. Qh5 Qf6 12. Rfd1 Be7 13. Nce2 Qg6 14. Nf4 Qxh5
15. Nxh5 Rc8 16. c3 d5 17. a4 Ne5 18. Bf1 Nc4 19. Bxc4 Rxc4 20. Rdc1 Bd8 21. b3
Rc8 22. Ne2 Ke7 23. Nhf4 Ba5 24. Nd3 Rc7 25. Ne5 Rhc8 26. b4 Bb6 27. Nxd7 Kxd7
28. a5 Ba7 29. Rd1 Ke7 30. Kg2 Rc4 31. Rd3 Bb8 32. f4 Bd6 33. Kf3 Kf8 34. h3 h5
35. Rg1 Be7 36. Rb1 Bf6 37. Rb3 Ke7 38. Ra3 Kd6 39. Rb3 Kc6 40. Ra3 Kb5 41. g4
hxg4+ 42. hxg4 fxg4+ 43. Kxg4 Rg8+ 44. Kf3 Rcc8 45. e4 Kc4 46. Re3 Rh8 47. Kf2
Rh2+ 48. Ke1 dxe4 49. Rxe4+ Kd3 50. Ng3 Rxc3 51. Rxc3+ Bxc3+ 52. Kf1 Rh3 0-1

[Event "European Blitz 2015"]
[Site "Minsk BLR"]
[Date "2015.12.18"]
[Round "8.24"]
[White "Potapov, Alexey"]
[Black "Guseinov, Gadir"]
[Result "0-1"]
[WhiteTitle "IM"]
[BlackTitle "GM"]
[WhiteElo "2389"]
[BlackElo "2646"]
[WhiteFideId "4182138"]
[BlackFideId "13401378"]
[EventDate "2015.12.18"]
[EventType "swiss (blitz)"]

1. Nf3 g6 2. g3 Bg7 3. Bg2 d6 4. O-O e5 5. c4 f5 6. d3 Nf6 7. Nc3 O-O 8. Bg5 Kh8
9. Nd2 h6 10. Bxf6 Qxf6 11. Rb1 Nc6 12. b4 Qf7 13. b5 Nd4 14. a4 Rb8 15. a5 f4
16. e3 Ne6 17. Nd5 Nc5 18. Qc2 Bf5 19. e4 Be6 20. b6 axb6 21. axb6 c6 22. Nc7 g5
23. f3 h5 24. Nb3 fxg3 25. hxg3 h4 26. Nxc5 dxc5 27. Qf2 Bf6 28. g4 Be7 29. Qe3
Rg8 30. Ra1 Bd6 31. Nxe6 Qxe6 32. Ra7 Qf6 33. Kh2 Be7 34. Kh3 Rgd8 35. Rb1 Rxd3
36. Qf2 Qf4 37. Rba1 Rd2 38. Qe1 Re2 0-1

[Event "European Blitz 2015"]
[Site "Minsk BLR"]
[Date "2015.12.18"]
[Round "8.26"]
[White "Demidov, Mikhail"]
[Black "Nozdrachev, Leonid"]
[Result "0-1"]
[WhiteTitle "IM"]
[BlackTitle "FM"]
[WhiteElo "2485"]
[BlackElo "2413"]
[WhiteFideId "4197143"]
[BlackFideId "24113433"]
[EventDate "2015.12.18"]
[EventType "swiss (blitz)"]

1. d4 Nf6 2. Bg5 Ne4 3. Bf4 c5 4. f3 Qa5+ 5. c3 Nf6 6. Nd2 cxd4 7. Nc4 Qd8 8.
cxd4 d5 9. Ne5 Nfd7 10. Nxd7 Bxd7 11. Bd2 Qb6 12. Bc3 e6 13. e3 Bb5 14. Ne2 Nc6
15. Qb3 Na5 16. Bxa5 Qxa5+ 17. Nc3 Bb4 18. Bxb5+ Qxb5 19. Kf2 Qa5 20. Rhc1 O-O
21. a3 Bd6 22. g3 Qd8 23. Rc2 Qg5 24. Qxb7 Qh6 25. Rh1 Bxg3+ 26. Kxg3 Qg6+ 27.
Kh3 Qxc2 28. Qe7 Qf2 29. Rd1 Qxf3+ 30. Kh4 Rae8 31. Qg5 h6 32. Qg4 g5+ 33. Kh5
Qxg4+ 34. Kxg4 Rb8 35. Na4 Rb3 36. Re1 Rc8 37. Re2 Rc1 38. Nc5 Rb8 39. a4 Kg7
40. h4 Kg6 41. h5+ Kg7 42. b3 Rh1 43. Rb2 Rh4+ 44. Kg3 Rxh5 45. b4 Rh1 46. b5
Ra1 47. Rc2 Ra3 48. Kf3 h5 49. Nd7 Rd8 50. Ne5 Rxa4 51. Rc7 Rf8 52. Nd7 Rb4 53.
Rb7 Rd8 54. Ne5 Rf8 55. Nc6 Rb3 56. Nxa7 Ra8 57. Nc6 Raa3 58. Ne5 Rxe3+ 59. Kf2
Reb3 60. Rxf7+ Kg8 61. Kg2 Ra2+ 62. Rf2 Rxf2+ 63. Kxf2 Rxb5 64. Nf3 g4 65. Ng5
Rb6 66. Kg3 Kg7 67. Kh4 Kf6 68. Nh7+ Kf5 69. Ng5 Rb4 70. Nf7 Rxd4 71. Nd6+ Kf4
72. Nb5 Rd3 73. Kxh5 g3 74. Nc7 g2 75. Nxe6+ Kg3 76. Nc5 Re3 0-1

[Event "European Blitz 2015"]
[Site "Minsk BLR"]
[Date "2015.12.18"]
[Round "8.27"]
[White "Roiz, Michael"]
[Black "Minko, Vladimir"]
[Result "1-0"]
[WhiteTitle "GM"]
[BlackTitle "FM"]
[WhiteElo "2594"]
[BlackElo "2361"]
[WhiteFideId "2804158"]
[BlackFideId "24146706"]
[EventDate "2015.12.18"]
[EventType "swiss (blitz)"]

1. Nf3 c5 2. c4 Nc6 3. Nc3 e5 4. e3 Nf6 5. Be2 g6 6. d4 d6 7. dxe5 dxe5 8. Qxd8+
Kxd8 9. b3 Bg7 10. Bb2 Bf5 11. O-O-O+ Nd7 12. Rd2 h6 13. Rhd1 Be6 14. Nd5 Rc8
15. Ne1 Ke8 16. f4 f5 17. Nd3 Kf7 18. fxe5 Rhe8 19. N5f4 Ncxe5 20. Nxe5+ Nxe5
21. Rd6 Re7 22. h3 b6 23. Rf1 Rce8 24. g4 Kg8 25. Rxe6 Rxe6 26. Nxe6 Rxe6 27.
gxf5 gxf5 28. Rxf5 Nc6 29. Bxg7 Kxg7 30. Kd2 Nb4 31. a3 Rd6+ 32. Kc3 Nc6 33. Bf3
Ne7 34. Rf4 Ng6 35. Rg4 Kf6 36. Bd5 h5 37. Rg1 Ke5 38. Rg5+ Kf6 39. Rxh5 Rd8 40.
e4 Re8 41. Kd2 Ne5 42. Rf5+ Kg7 43. Ke3 Re7 44. Rg5+ Kf6 45. Rf5+ Kg6 46. Rf8 a5
47. Rb8 Nd7 48. Rb7 1-0

[Event "European Blitz 2015"]
[Site "Minsk BLR"]
[Date "2015.12.18"]
[Round "8.28"]
[White "Gunina, Valentina"]
[Black "Kochetkova, Julia"]
[Result "1-0"]
[WhiteTitle "GM"]
[BlackTitle "WGM"]
[WhiteElo "2502"]
[BlackElo "2320"]
[WhiteFideId "4167570"]
[BlackFideId "4139690"]
[EventDate "2015.12.18"]
[EventType "swiss (blitz)"]

1. d4 d5 2. c4 e6 3. Nf3 Nf6 4. Nc3 dxc4 5. e4 Bb4 6. Bxc4 Nxe4 7. O-O Nxc3 8.
bxc3 Be7 9. Ne5 O-O 10. Qg4 f5 11. Qe2 Bf6 12. Bf4 Re8 13. Rfe1 Nd7 14. Rad1 Qe7
15. d5 Bxe5 16. Bxe5 Nb6 17. d6 cxd6 18. Rxd6 Nxc4 19. Qxc4 Bd7 20. h4 Rac8 21.
Qd4 Bc6 22. Re3 Rcd8 23. Rg3 Rxd6 24. Bxd6 Qd7 25. h5 Rd8 26. Be5 Qxd4 27. Rxg7+
Kf8 28. cxd4 Rd7 29. Rg3 Bd5 30. a3 b5 31. Rc3 a5 32. Rc8+ Kf7 33. Rh8 b4 34.
axb4 axb4 35. Rxh7+ Ke8 36. Rxd7 Kxd7 37. h6 b3 38. h7 b2 39. h8=Q b1=Q+ 40. Kh2
Qf1 41. Qg7+ Kc6 42. f3 Qe2 43. Qc7+ Kb5 44. Qc5+ Ka4 45. Bd6 Qb2 46. Qa7+ Kb3
47. Qb6+ Kc2 48. Qxb2+ Kxb2 49. g4 fxg4 50. fxg4 Kc3 51. Be5 Be4 52. Kg3 Kd3 53.
Kf4 Bh7 54. Bf6 Ke2 55. Ke5 Kf3 56. g5 Bg8 57. Be7 Kg4 58. Kf6 1-0

[Event "European Blitz 2015"]
[Site "Minsk BLR"]
[Date "2015.12.18"]
[Round "8.29"]
[White "Gritsenko, Nikolai"]
[Black "Goganov, Aleksey"]
[Result "1-0"]
[WhiteTitle "FM"]
[BlackTitle "GM"]
[WhiteElo "2309"]
[BlackElo "2597"]
[WhiteFideId "14112493"]
[BlackFideId "24109959"]
[EventDate "2015.12.18"]
[EventType "swiss (blitz)"]

1. e4 c5 2. Nf3 Nc6 3. Bb5 g6 4. O-O Bg7 5. c3 Nf6 6. e5 Nd5 7. d4 cxd4 8. cxd4
O-O 9. Nc3 Nxc3 10. bxc3 d6 11. Re1 dxe5 12. Bxc6 bxc6 13. Nxe5 Bb7 14. Ba3 c5
15. Bxc5 Re8 16. Qg4 Qc7 17. h3 Bd5 18. c4 Be6 19. Qf3 Rad8 20. Rac1 Rc8 21. Rb1
Bxe5 22. Rxe5 Qxe5 23. dxe5 Rxc5 24. Qe3 Rxc4 25. Qxa7 Kg7 26. a4 Bd5 27. a5 e6
28. Qd7 Ra8 29. Qe7 Rf4 30. f3 Rxa5 31. Rb8 Ra1+ 32. Kh2 Kh6 33. h4 Rf5 34. Qf8+
Kh5 35. g4+ Kxh4 36. Qh6+ Rh5 37. gxh5 Ra2+ 38. Kg1 1-0

[Event "European Blitz 2015"]
[Site "Minsk BLR"]
[Date "2015.12.18"]
[Round "8.30"]
[White "Huzman, Alexander"]
[Black "Novitzkij, Dmitrij"]
[Result "1-0"]
[WhiteTitle "GM"]
[BlackTitle "IM"]
[WhiteElo "2581"]
[BlackElo "2317"]
[WhiteFideId "2803828"]
[BlackFideId "13500619"]
[EventDate "2015.12.18"]
[EventType "swiss (blitz)"]

1. d4 Nf6 2. Nf3 d5 3. c4 c6 4. e3 g6 5. Nc3 Bg7 6. Be2 O-O 7. O-O Bg4 8. h3
Bxf3 9. Bxf3 dxc4 10. a4 Nbd7 11. Qe2 e5 12. Rd1 Qe7 13. Qxc4 e4 14. Be2 Nb6 15.
Qb3 Nbd5 16. Bd2 Rfe8 17. Be1 Rad8 18. Rac1 Rd7 19. a5 a6 20. Na4 Rc7 21. Nc5
Nh5 22. Bxh5 gxh5 23. Na4 Rd7 24. Rc5 f5 25. Nb6 Rd6 26. Nxd5 cxd5 27. Bb4 Qf7
28. Rdc1 Rd7 29. Rc8 Bf6 30. Ba3 Rxc8 31. Rxc8+ Kg7 32. Qb6 h4 33. Bd6 Qe6 34.
Bf4 Qxb6 35. axb6 Kf7 36. Kf1 Bd8 37. Bc7 Bf6 38. Ke2 f4 39. Rb8 fxe3 40. fxe3
Ke6 41. Rxb7 Rg7 42. Kf1 Rg3 43. Bxg3 1-0

[Event "European Blitz 2015"]
[Site "Minsk BLR"]
[Date "2015.12.18"]
[Round "8.31"]
[White "Meribanov, Vitaly"]
[Black "Dzhumagaliev, Yan"]
[Result "0-1"]
[WhiteTitle "IM"]
[BlackTitle "FM"]
[WhiteElo "2392"]
[BlackElo "2400"]
[WhiteFideId "13504363"]
[BlackFideId "24100110"]
[EventDate "2015.12.18"]
[EventType "swiss (blitz)"]

1. e4 h5 2. Nf3 h4 3. h3 c6 4. d4 d5 5. exd5 cxd5 6. Bd3 e6 7. c3 Be7 8. O-O Nf6
9. Bg5 Ne4 10. Bxe7 Qxe7 11. Nbd2 Nd6 12. Re1 O-O 13. Nf1 Nc6 14. Ne3 Qd8 15.
Bc2 f5 16. Ne5 Nxe5 17. dxe5 Ne4 18. Qh5 Bd7 19. Rad1 Be8 20. Qe2 Qb6 21. Bb3 a5
22. c4 d4 23. Nf1 a4 24. Bc2 Bc6 25. Nd2 Nxd2 26. Rxd2 Rad8 27. Red1 Qc5 28. Bd3
b6 29. f4 Rf7 30. Qf2 g5 31. fxg5 Qxe5 32. g6 Rg7 33. Qxh4 Rf8 34. Re1 Qd6 35.
Rde2 Rxg6 36. Qh5 Rff6 37. Rf2 Qg3 38. Bf1 Kg7 39. Rd1 Rg5 40. Qe2 Qe3 41. Qc2
Qxh3 42. Rxd4 Rh6 43. Rd7+ Bxd7 44. Qc3+ Qxc3 0-1

[Event "European Blitz 2015"]
[Site "Minsk BLR"]
[Date "2015.12.18"]
[Round "8.32"]
[White "Romanov, Evgeny"]
[Black "Savenkov, Konstantin"]
[Result "1-0"]
[WhiteTitle "GM"]
[BlackTitle "FM"]
[WhiteElo "2590"]
[BlackElo "2325"]
[WhiteFideId "4148843"]
[BlackFideId "4138600"]
[EventDate "2015.12.18"]
[EventType "swiss (blitz)"]

1. d4 Nf6 2. Nf3 g6 3. Bg5 Bg7 4. Nbd2 O-O 5. e4 d6 6. Be2 c5 7. dxc5 dxc5 8.
O-O Nc6 9. h3 Qc7 10. c3 b6 11. Qc2 Nh5 12. Rfe1 Nf4 13. Bf1 h6 14. Bh4 Nh5 15.
g4 Nf4 16. Bg3 e5 17. Nc4 Bb7 18. Ne3 Nd8 19. Rad1 Nde6 20. Nd5 Nxd5 21. exd5
Nf4 22. Bxf4 exf4 23. d6 Qd7 24. Re7 Qc8 25. Bg2 Bf6 26. Rc7 Qb8 27. Qb3 Ba6 28.
Nd2 Be5 29. Nc4 Bxc4 30. Qxc4 Bxd6 31. Rc6 f3 32. Rdxd6 fxg2 33. Rxg6+ Kh7 34.
Rxh6+ Kg7 35. Qe4 Re8 36. Qh7+ Kf8 37. Qh8+ Ke7 38. Qf6+ Kd7 39. Qxf7+ Re7 40.
Qd5+ 1-0

[Event "European Blitz 2015"]
[Site "Minsk BLR"]
[Date "2015.12.18"]
[Round "8.33"]
[White "Rozhko, Dmitry"]
[Black "Rozum, Ivan"]
[Result "0-1"]
[WhiteTitle "FM"]
[BlackTitle "GM"]
[WhiteElo "2313"]
[BlackElo "2559"]
[WhiteFideId "4150430"]
[BlackFideId "24104272"]
[EventDate "2015.12.18"]
[EventType "swiss (blitz)"]

1. d4 Nf6 2. Nf3 e6 3. Bf4 d6 4. h3 Nbd7 5. e3 g6 6. c3 Bg7 7. Nbd2 O-O 8. Be2
b6 9. O-O Bb7 10. Qb1 Qe7 11. a4 a6 12. Bh2 e5 13. dxe5 Nxe5 14. Nxe5 dxe5 15.
Bf3 e4 16. Be2 Ne8 17. Rd1 Nd6 18. Bxd6 Qxd6 19. Nxe4 Qe7 20. Bf3 Rad8 21. Nd2
Bc8 22. Qe4 Qg5 23. h4 Qf6 24. Qf4 Qe7 25. Nf1 Be5 26. Qc4 Be6 27. Qxa6 Qxh4 28.
g3 Qf6 29. Qe2 h5 30. Rxd8 Rxd8 31. Rd1 h4 32. Rxd8+ Qxd8 33. Qb5 Qd6 34. Qc6
hxg3 35. Qxd6 gxf2+ 36. Kxf2 Bxd6 37. Nd2 Bd7 38. b3 Be5 39. c4 f5 40. Bd5+ Kg7
41. Nf3 Bc3 42. Nd4 Kf6 43. Bc6 Bc8 44. Nb5 Be5 45. e4 f4 46. Na7 Bh3 47. b4 Bc3
48. a5 bxa5 49. bxa5 Bd4+ 50. Kf3 Bxa7 51. Kxf4 Bc8 52. Bb5 g5+ 53. Kf3 g4+ 54.
Kg3 Bc5 55. Bc6 Ke5 56. a6 Bxa6 57. Kxg4 Bxc4 58. Kg5 Bd3 59. Be8 Bxe4 60. Kg4
Be3 61. Kg3 c5 0-1

[Event "European Blitz 2015"]
[Site "Minsk BLR"]
[Date "2015.12.18"]
[Round "8.34"]
[White "Shevchenko, Kirill"]
[Black "Mikhalevski, Victor"]
[Result "1-0"]
[WhiteTitle "FM"]
[BlackTitle "GM"]
[WhiteElo "2373"]
[BlackElo "2535"]
[WhiteFideId "14129574"]
[BlackFideId "2801914"]
[EventDate "2015.12.18"]
[EventType "swiss (blitz)"]

1. e4 e5 2. Nf3 Nc6 3. Bb5 a6 4. Ba4 Nf6 5. O-O Nxe4 6. d4 b5 7. Bb3 d5 8. dxe5
Be6 9. Qe2 Be7 10. Rd1 O-O 11. c4 bxc4 12. Bxc4 Qd7 13. Nc3 Nxc3 14. bxc3 Na5
15. Bd3 c5 16. Bg5 Bxg5 17. Nxg5 h6 18. Nf3 Qc7 19. Bc2 Nc4 20. h4 Na3 21. Bd3
Rfb8 22. Rd2 c4 23. Bc2 Nxc2 24. Rxc2 Bf5 25. Rd2 Bd3 26. Qe3 Qa5 27. Qd4 Rb5
28. Re1 Re8 29. Kh2 Rb6 30. Re3 Rg6 31. Ne1 Rc6 32. Rg3 Be4 33. e6 g6 1-0

[Event "European Blitz 2015"]
[Site "Minsk BLR"]
[Date "2015.12.18"]
[Round "8.35"]
[White "Kryakvin, Dmitry"]
[Black "Tokranovs, Dmitrijs"]
[Result "1-0"]
[WhiteTitle "GM"]
[WhiteElo "2529"]
[BlackElo "2179"]
[WhiteFideId "4153278"]
[BlackFideId "11603011"]
[EventDate "2015.12.18"]
[EventType "swiss (blitz)"]

1. d4 d5 2. c4 c6 3. Nf3 Nf6 4. Nc3 e6 5. cxd5 exd5 6. Qc2 Bd6 7. Bg5 Nbd7 8. e3
O-O 9. Bd3 h6 10. Bh4 Re8 11. O-O Be7 12. Rab1 Ne4 13. Bxe7 Qxe7 14. b4 Nxc3 15.
Qxc3 Nf6 16. b5 cxb5 17. Bxb5 Rd8 18. Rbc1 a6 19. Bd3 b5 20. Ne5 Bd7 21. Qc7
Rdc8 22. Qb7 Rcb8 23. Qc7 Rc8 24. Qa5 Qd6 25. h3 Ne4 26. a3 Be6 27. Rfd1 Rab8
28. Qb4 Qb6 29. Rxc8+ Rxc8 30. Bxe4 dxe4 31. d5 a5 32. Qxe4 Rd8 33. Qf3 Qd6 34.
Nc6 Rd7 35. e4 Qxa3 36. Qxa3 1-0

[Event "European Blitz 2015"]
[Site "Minsk BLR"]
[Date "2015.12.18"]
[Round "8.36"]
[White "Lobanov, Sergei"]
[Black "Zakhartsov, Vladimir"]
[Result "1/2-1/2"]
[BlackTitle "IM"]
[WhiteElo "2457"]
[BlackElo "2462"]
[WhiteFideId "24183750"]
[BlackFideId "4145097"]
[EventDate "2015.12.18"]
[EventType "swiss (blitz)"]

1. e4 c5 2. Nf3 d6 3. d4 Nf6 4. Nc3 cxd4 5. Nxd4 a6 6. Be2 Nbd7 7. Be3 e6 8. O-O
Be7 9. f4 Qc7 10. a4 b6 11. Bf3 Bb7 12. Qe1 O-O 13. Kh1 Rfe8 14. Qg3 Bf8 15.
Rae1 Rac8 16. e5 Nd5 17. Nxd5 Bxd5 18. Bxd5 exd5 19. Nf5 Re6 20. exd6 Qd8 21.
Bd4 Rg6 22. Ne7+ Bxe7 23. dxe7 Qe8 24. Qd3 Re6 25. Rxe6 fxe6 26. Qxa6 Rxc2 27.
Qd3 Rc6 28. f5 Qxe7 29. fxe6 Qxe6 30. Qf3 Rc8 31. Qg3 Qg6 32. Qf3 Qe6 33. Qg3
Qg6 34. Qf3 Qe6 35. Qg3 Qg6 36. Qh3 Rf8 37. Rg1 Qf5 38. Qc3 Nf6 39. Bxf6 Qxf6
40. Qd3 Qe5 41. b3 h6 42. h3 Rf4 43. Rd1 d4 44. b4 Re4 45. Qc4+ Kh8 46. Qc8+ Kh7
47. Qc2 Kh8 48. Qc8+ Kh7 49. Qc2 Kh8 50. Rf1 Re1 51. Qc8+ Kh7 52. Qc2+ Kh8 53.
Qc8+ 1/2-1/2

[Event "European Blitz 2015"]
[Site "Minsk BLR"]
[Date "2015.12.18"]
[Round "8.37"]
[White "Saveliev, Alexei"]
[Black "Ladva, Ottomar"]
[Result "0-1"]
[BlackTitle "IM"]
[WhiteElo "2328"]
[BlackElo "2401"]
[WhiteFideId "24128546"]
[BlackFideId "4500024"]
[EventDate "2015.12.18"]
[EventType "swiss (blitz)"]

1. e4 c5 2. Nf3 e6 3. d4 cxd4 4. Nxd4 Nc6 5. Nc3 a6 6. Be2 d6 7. O-O Nf6 8. Be3
Be7 9. f4 O-O 10. Kh1 Qc7 11. Qe1 Nxd4 12. Bxd4 b5 13. a3 Bb7 14. Qg3 g6 15. Bd3
Nh5 16. Qg4 e5 17. fxe5 dxe5 18. Be3 Nf4 19. Bxf4 exf4 20. Qxf4 Bd6 21. Qh4 Be5
22. Rf3 Rfe8 23. Rh3 h5 24. Rf1 Re7 25. Qg5 Bg7 26. Nd5 Bxd5 27. exd5 Re5 28.
Qf4 Ra7 29. Rhf3 Rxd5 30. Qe3 Qe7 31. Qb6 Bd4 32. Qb8+ Kg7 33. c4 Rd8 34. Qf4
Be5 35. Qe3 Bxb2 36. Qe2 Qxe2 37. Bxe2 Rd2 38. Bd1 bxc4 39. Ba4 c3 40. Be8 c2 0-1